| 000 | 00844nam a2200241Ia 4500 | ||
|---|---|---|---|
| 003 | GCL | ||
| 005 | 20240530110211.0 | ||
| 008 | 140319s9999 xx 000 0 ara d | ||
| 040 |
_aGCL / _cGCL |
||
| 082 | 0 | 4 |
_a210.3 _bم د |
| 100 | 1 | _aمحمد ثابت الفندى | |
| 245 | 1 | 0 |
_aدائرة المعارف الاسلامية / _cمحمد ثابت الفندى |
| 260 |
_aبيروت : _bدار المعرفة ، _c1993 |
||
| 300 |
_a8 مج ؛ _c28 سم |
||
| 650 | 0 | 4 | _aالتاريخ الاسلامى |
| 650 | 0 | 4 | _aاعلام العرب |
| 650 | 0 | 4 | _aدوائر المعارف العربية |
| 650 | 0 | 4 | _aالحضارة الاسلامية |
| 700 | 1 |
_aاحمد الشنتناوى _eمترجم |
|
| 700 | 1 |
_aعبدالحميد يونس _eمترجم |
|
| 700 | 1 |
_aابراهيم زكى خورشيد _eمترجم |
|
| 942 |
_2ddc _cBK |
||
| 999 |
_c59337 _d59337 |
||